000 00516nmm a2200169Ia 4500
008 251105s9999||||xx |||||||||||||||||und||
020 _a9788481691979
041 _aspa
100 _aTassin , Claude
245 0 _aEvangelio de Jesucristo según san Mateo :
_b Cuaderno Bíblico 129
264 _a[Madrid, España] :
_bEditorial Verbo Divino,
_c2006
300 _a102 páginas
490 _aCuadernos bíblicos
650 _aReligion(s)
856 _uhttps://public.digitaliapublishing.com/a/20664
942 _cCF
999 _c85856
_d85856